|
|
|
|
| LEADER |
01606njm a2200541 a 4500 |
| 001 |
000385024 |
| 003 |
CZ BrMZK |
| 005 |
19980105143423.0 |
| 008 |
980105s1998 xr f cze d |
| 028 |
0 |
3 |
|a 492757 2
|b Sony Music Bonton
|
| 040 |
|
|
|a BOA001
|b cze
|
| 080 |
|
|
|a 784.4.03"199"(086.7)
|2 MRF
|
| 110 |
2 |
|
|a Arakain (hudební skupina)
|7 kn20010709235
|4 prf
|
| 245 |
1 |
0 |
|a Trash the trash ;
|b Schizofrenie
|h [zvukový záznam] /
|c [Arakain].
|
| 246 |
3 |
3 |
|a Orion
|
| 246 |
3 |
3 |
|a Pán bouře
|
| 246 |
3 |
3 |
|a Schizofrenie
|
| 246 |
3 |
3 |
|a Sedmá pečeť
|
| 246 |
3 |
3 |
|a Strážci času
|
| 246 |
3 |
3 |
|a Teror
|
| 246 |
3 |
3 |
|a Trash the trash
|
| 246 |
3 |
3 |
|a Zlá křídla osamění
|
| 246 |
3 |
3 |
|a Šakal
|
| 246 |
3 |
3 |
|a Šeherezád
|
| 246 |
3 |
3 |
|a Štvanice
|
| 246 |
3 |
3 |
|a Řekni a máš mě
|
| 246 |
3 |
|
|a Třistajedenáctá peruť
|
| 246 |
3 |
2 |
|a 311. peruť
|
| 246 |
3 |
3 |
|a Amadeus
|
| 246 |
3 |
3 |
|a Antikrist
|
| 246 |
3 |
3 |
|a Gilotina
|
| 246 |
3 |
3 |
|a Hibernatus
|
| 246 |
3 |
3 |
|a Iluzorium
|
| 246 |
3 |
3 |
|a Kamennej anděl
|
| 246 |
3 |
3 |
|a Ku-klux-klan
|
| 246 |
3 |
3 |
|a Ne!
|
| 246 |
3 |
3 |
|a Noc
|
| 260 |
|
|
|a Praha :
|b Sony Music Bonton,
|c p1998
|
| 300 |
|
|
|a 2 CD :
|b ADD ;
|c 12 cm +
|e 1 brožura [20 s.].
|
| 500 |
|
|
|a Texty písní v brožuře
|
| 500 |
|
|
|a Nahr. 1989, 1991
|
| 500 |
|
|
|a Durata neuv
|
| 505 |
2 |
|
|a Trash the trash, Šakal, Šeherezád ... [et al.]
|
| 653 |
0 |
|
|a heavy metal
|a rocková hudba
|
| 910 |
|
|
|a BOA001
|b CD-0006.754
|
| 964 |
|
|
|a Hudba rocková
|z stol.20.,léta 90.
|x CD
|
| 990 |
|
|
|a AV
|
| 996 |
6 |
|
|b 261H007156
|c CD-0006.754
|l MZK
|r Sklad / do 24 hodin
|n 0
|p p.v.
|w 000385024
|u 000010
|a 1
|e BOA001
|j MZK50
|s P
|